000 00424nam a2200181Ia 4500
001 3354
005 20260306145637.0
008 260306t2005||||xx |||||||||||||| ||spa||
041 _aESP
082 _a270
_bM44 2005
100 _aMessori, Vittorio
_eAUT
245 0 _aLeyendas negras de la iglesia
260 _c2005
300 _a267 páginas :
_c21 cm.
650 _aGEN
654 _aCHU
942 _cLIB
_dJUS
_fJUS
_2ddc
_n
999 _c3354
_d3354